01146cam a22002651a 4500001001300000003000400013005001700017008004100034010001700075035002000092040001800112042001200130050001600142100003500158245005600193260004900249300002000298440003200318500004400350505021000394500015000604500006700754600004200821999001700863ca 24000751 DLC20260227111113.0840306s1924 ksu 000 0 eng  aca 24000751  a(OCoLC)10490967 aDLCcKPTdDLC apremarc00aBT309b.H341 aHarvey, Alexander,d1868-1949.10aEssays on the friends of Jesus /cAlexander Harvey. aGirard, Kan. :bHaldeman-Julius Co.,cc1924. a64 p. ;c13 cm. 0aLittle blue book ;vno. 533 aPages 61-64 contain advertising matter.0 aThe secret of Judas Iscariot -- Jesus in our inferno -- The dilemma of doubting Thomas -- The Pharisee's lady friend -- The healing of the paralytic -- The dark hour on Calvary -- The sceptics of Golgotha. aPublished 14 February 1924; copies deposited at Library of Congress 29 February 1924. Advertised 16 February 1924, Haldeman-Julius Weekly, p. 1. aLater printings lack three advertisements on outer back cover.00aJesus ChristxFriends and associates. c15872d15872